| 000 | 01624nam a2200361 a 4500 | ||
|---|---|---|---|
| 003 | BLK | ||
| 005 | 20231030091001.0 | ||
| 008 | 180410b bul||n||s|||||||| n|bulo| | ||
| 010 | _aCDD00004403000 | ||
| 040 | _aBLK | ||
| 041 |
_aFRE _cFRE |
||
| 080 |
_aМеждународни политически отношения. Световна политика. Международна политика. Дипломация _b327 _z327 |
||
| 100 |
_91299 _aChotteau, Leon _eпърви автор |
||
| 139 | _aChotteau, Leon | ||
| 245 |
_aLa guerre de L'independance 1775-1783 _bLe Francais en Amerique _cLeon Chotteau; une pref. Eduard Laboulaye |
||
| 250 | _a3. ed. | ||
| 257 | _aFRA | ||
| 260 |
_9435940 _aParis _bG. Charpentier _c1882 |
||
| 300 |
_c17 cm _a438 с. |
||
| 380 | _a3 | ||
| 490 |
_9435080 _aКолекция Редки и ценни издания |
||
| 490 |
_9435931 _aЛична библиотека на Захари Стоянов _g№ 75 |
||
| 500 | _aДатирано : 27.ІV.936. - № 207 | ||
| 650 | 7 |
_9161751 _aМеждународна политика |
|
| 852 |
_aРф 882 ЗСт _bРц |
||
| 856 |
_fСъдържание _lreg users access _qjpg _uhttp://185.138.176.146:18082/cgi-bin/koha/opac-retrieve-file.pl?id=1dd438dd74363735ada479bc8b9a498f _xpicjpg _zСъдържание 1 |
||
| 856 |
_fСъдържание _lreg users access _qjpg _uhttp://185.138.176.146:18082/cgi-bin/koha/opac-retrieve-file.pl?id=36f5eea5e962275441c9710dc4fbc12a _xpicjpg _zСъдържание 2 |
||
| 942 |
_cKNG _n0 _s1 |
||
| 999 |
_c391299 _d391299 |
||
| 999 | _d391299 | ||
| 999 | _d391299 | ||
| 999 | _d391299 | ||
| 999 | _d391299 | ||
| 944 |
_k30542 _lРусанова Ирена |
||